000 00835nam a2200241Ii 4500
008 221202s xx 000 0 und d
100 1 _aHobza, A.,
_eauthor
245 0 _aCEE Candidate countries on the way to Eurozone
264 _bWRR
_c2002
300 _a1 online resource (102 pages)
336 _atext
_btxt
_2rdacontent
337 _acomputer
_bc
_2rdamedia
338 _aonline resource
_bcr
_2rdacarrier
490 _aWerkdocument
_v131
520 _aPolitical Science; European Union
653 _aBulgaria
653 _aEuropean Union
653 _aEuropese Unie
653 _aOverheidsbeleid
653 _aPolitical Science
856 _uhttps://docs.google.com/spreadsheets/d/1yKIrdCPDAG_9c22mwoOIO2DOhtj65Wqa/edit?usp=sharing&ouid=106555315294820607512&rtpof=true&sd=true
_yList of Curated E-Books
942 _cE-BOOK
999 _c92203
_d92200